[Event "España ch sub-14 2007"]
[Site "Linares ESP"]
[Date "2007.07.16"]
[Round "3.8"]
[White "Pacheco Bubi, Rafael"]
[Black "Pruja Ramirez De Cartagena, Marc"]
[Result "1-0"]
[WhiteElo "1878"]
[BlackElo "2022"]
[PlyCount "87"]
[EventDate "2007.07.15"]
[EventType "swiss"]
[EventRounds "9"]
[EventCountry "ESP"]
[Source "lmi"]
[SourceDate "2007.07.15"]

1. e4 c5 2. Nf3 d6 3. d4 cxd4 4. Nxd4 Nf6 5. Nc3 a6 6. Be2 e5 7. Nb3 Be7 8. O-O
Be6 9. f4 Qc7 10. f5 Bc4 11. a4 O-O 12. Kh1 Nbd7 13. a5 Rac8 14. Be3 Rfd8 15.
Nd2 Bxe2 16. Qxe2 Nc5 17. Bg5 Re8 18. Bxf6 Bxf6 19. Nd5 Qd8 20. Nc4 Be7 21.
Ncb6 Rc6 22. f6 Bxf6 23. Nxf6+ gxf6 24. Nd5 Nd7 25. Ra3 Kh8 26. Qh5 Rg8 27. Rh3
Rg7 28. Qh4 Rc5 29. b4 Rc8 30. c3 Rc4 31. Rxf6 Rxe4 32. Qxe4 Nxf6 33. Qh4 Rg6
34. Nxf6 h6 35. Ng4 Qxh4 36. Rxh4 Kg7 37. Ne3 Kf6 38. Kg1 Ke6 39. Kf2 f5 40. g3
e4 41. Rf4 Rf6 42. g4 Rf8 43. Rxf5 Rc8 44. c4 1-0

[Event "España ch sub-14 2007"]
[Site "Linares ESP"]
[Date "2007.07.16"]
[Round "3.9"]
[White "Galan Martin, Alejandro"]
[Black "Suarez Calvo, Alesandra"]
[Result "1/2-1/2"]
[WhiteElo "1843"]
[BlackElo "1970"]
[PlyCount "48"]
[EventDate "2007.07.15"]
[EventType "swiss"]
[EventRounds "9"]
[EventCountry "ESP"]
[Source "lmi"]
[SourceDate "2007.07.15"]

1. e4 e6 2. d3 d5 3. Qe2 Be7 4. g3 Nf6 5. Bg2 c5 6. f4 Nc6 7. Nf3 b5 8. O-O O-O
9. h3 a5 10. g4 Ba6 11. e5 Nd7 12. f5 b4 13. Bf4 c4 14. Nbd2 cxd3 15. cxd3 Nc5
16. Ne1 Qb6 17. Kh1 b3 18. f6 gxf6 19. Bh6 Nxe5 20. Bxf8 Rxf8 21. Qe3 bxa2 22.
Rxa2 Qc7 23. Qf4 Qb6 24. Qe3 Qc7 1/2-1/2

[Event "España ch sub-14 2007"]
[Site "Linares ESP"]
[Date "2007.07.16"]
[Round "3.10"]
[White "Anaya Lopez, Victor"]
[Black "Sanchez Ruesga, Hector"]
[Result "1-0"]
[WhiteElo "1959"]
[BlackElo "1848"]
[PlyCount "47"]
[EventDate "2007.07.15"]
[EventType "swiss"]
[EventRounds "9"]
[EventCountry "ESP"]
[Source "lmi"]
[SourceDate "2007.07.15"]

1. e4 c5 2. Nf3 e6 3. d4 cxd4 4. Nxd4 Qc7 5. Nc3 a6 6. Be2 Bb4 7. Qd3 Nf6 8.
O-O Nc6 9. Nxc6 Qxc6 10. e5 Bxc3 11. bxc3 Nd5 12. c4 Ne7 13. Ba3 g5 14. Bf3 Qb6
15. Rab1 Qa7 16. Be4 Qb8 17. Bd6 Qa7 18. Qf3 Ng8 19. Bxb7 Bxb7 20. Rxb7 Qd4 21.
Rxd7 f5 22. Rc7 Qe4 23. Qh5+ Kd8 24. Qf7 1-0

[Event "España ch sub-14 2007"]
[Site "Linares ESP"]
[Date "2007.07.16"]
[Round "3.11"]
[White "Jimenez Lupiañez, Laura"]
[Black "Calderon Diestro, Maria Victoria"]
[Result "1-0"]
[WhiteElo "1935"]
[BlackElo "1779"]
[PlyCount "45"]
[EventDate "2007.07.15"]
[EventType "swiss"]
[EventRounds "9"]
[EventCountry "ESP"]
[Source "lmi"]
[SourceDate "2007.07.15"]

1. d4 Nf6 2. c4 e6 3. Nc3 Bb4 4. e3 b6 5. Nge2 Bb7 6. a3 Bxc3+ 7. Nxc3 d6 8.
Bd3 Nbd7 9. O-O O-O 10. e4 c5 11. d5 Ba6 12. f4 Re8 13. Qf3 exd5 14. exd5 Nf8
15. g4 Bb7 16. Bd2 Qc7 17. a4 Re7 18. g5 N6d7 19. Ne4 Rae8 20. Bc3 Rc8 21. Qh5
Ng6 22. Nf6+ gxf6 23. gxf6 1-0

[Event "España ch sub-14 2007"]
[Site "Linares ESP"]
[Date "2007.07.16"]
[Round "3.12"]
[White "Talavera Garcia, Santiago"]
[Black "Gil Quilez, David"]
[Result "0-1"]
[WhiteElo "1692"]
[BlackElo "1934"]
[PlyCount "138"]
[EventDate "2007.07.15"]
[EventType "swiss"]
[EventRounds "9"]
[EventCountry "ESP"]
[Source "lmi"]
[SourceDate "2007.07.15"]

1. d4 f5 2. e4 fxe4 3. Nc3 Nf6 4. Bg5 e6 5. Nxe4 Be7 6. Nxf6+ Bxf6 7. Qh5+ g6
8. Bxf6 Qxf6 9. Qd1 O-O 10. Nf3 b6 11. Be2 Bb7 12. Qd2 c5 13. O-O-O cxd4 14.
Qxd4 Qxd4 15. Rxd4 d5 16. Rd2 Nd7 17. Bb5 Nc5 18. Re1 a6 19. Bd3 Rf6 20. Rde2
Raf8 21. b4 Ne4 22. h3 Nc3 23. Rxe6 Nxa2+ 24. Kb2 Nxb4 25. Kb3 Nc6 26. Kc3 Bc8
27. Rxf6 Rxf6 28. Re8+ Rf8 29. Rxf8+ Kxf8 30. Nd4 Ne5 31. f4 Nf7 32. f5 g5 33.
Ne6+ Bxe6 34. fxe6 Nd8 35. Bxa6 Nxe6 36. Bb7 Nf4 37. g3 Ne2+ 38. Kd3 Nxg3 39.
Bxd5 Ke7 40. Ke3 Kd6 41. Bg8 h6 42. Kf3 Nf5 43. Bh7 Ke5 44. Kg4 Ng7 45. h4 gxh4
46. Kxh4 Kd4 47. Kg4 b5 48. Bg8 Ke3 49. Bd5 b4 50. Bb3 Kd2 51. Kf4 Nh5+ 52. Kg4
Ng7 53. Kf4 Nh5+ 54. Kg4 Nf6+ 55. Kf5 Nd7 56. Kg6 Nc5 57. Bf7 Kxc2 58. Kxh6 Ne4
59. Kh5 Kc3 60. Kg4 Nd2 61. Ba2 Nb3 62. Bb1 Nc1 63. Kf3 b3 64. Kf2 Kd2 65. Kf3
Na2 66. Kf4 Nb4 67. Ke4 Nc2 68. Kd5 Kc1 69. Kc4 Kb2 0-1

[Event "España ch sub-14 2007"]
[Site "Linares ESP"]
[Date "2007.07.17"]
[Round "4.1"]
[White "Gil Quilez, David"]
[Black "Arribas Lopez, Angel"]
[Result "1/2-1/2"]
[WhiteElo "1934"]
[BlackElo "2292"]
[PlyCount "106"]
[EventDate "2007.07.15"]
[EventType "swiss"]
[EventRounds "9"]
[EventCountry "ESP"]
[Source "lmi"]
[SourceDate "2007.07.15"]

1. e4 c5 2. Nf3 Nc6 3. d4 cxd4 4. Nxd4 Nf6 5. Nc3 e5 6. Ndb5 d6 7. Bg5 a6 8.
Na3 b5 9. Nd5 Be7 10. Bxf6 Bxf6 11. c4 b4 12. Nc2 a5 13. b3 Bg5 14. g3 O-O 15.
h4 Bh6 16. Bh3 Be6 17. Kf1 Ne7 18. Nxe7+ Qxe7 19. Kg2 g6 20. h5 Kg7 21. Qd3 f5
22. f3 Rf6 23. Rad1 Bc8 24. Ne3 Bxe3 25. Qxe3 f4 26. Qf2 fxg3 27. Qxg3 Bb7 28.
Bf5 g5 29. c5 d5 30. exd5 Rxf5 31. c6 Ba6 32. d6 Qf6 33. Rhe1 Bb5 34. c7 Bd7
35. Rd5 Re8 36. Re3 Bc6 37. d7 Bxd7 38. Rxd7+ Kh6 39. Red3 e4 40. fxe4 Rf4 41.
R7d6 Re6 42. c8=Q Rxd6 43. Rxd6 Qxd6 44. Qc2 Qe6 45. Qe2 Rxe4 46. Qef3 Rf4 47.
Qe3 Qd5+ 48. Kh2 Kxh5 49. Qe2+ Kh6 50. Qa6+ Kh5 51. Qe2+ Kh6 52. Qa6+ Kh5 53.
Qe2+ Kh6 1/2-1/2

[Event "España ch sub-14 2007"]
[Site "Linares ESP"]
[Date "2007.07.17"]
[Round "4.2"]
[White "Forcen Esteban, Daniel"]
[Black "Anaya Lopez, Victor"]
[Result "1-0"]
[WhiteElo "2134"]
[BlackElo "1959"]
[PlyCount "73"]
[EventDate "2007.07.15"]
[EventType "swiss"]
[EventRounds "9"]
[EventCountry "ESP"]
[Source "lmi"]
[SourceDate "2007.07.15"]

1. e4 c5 2. Nf3 Nc6 3. d4 cxd4 4. Nxd4 Nf6 5. Nc3 e5 6. Ndb5 d6 7. Bg5 a6 8.
Na3 b5 9. Bxf6 gxf6 10. Nd5 Bg7 11. Bd3 Ne7 12. Nxe7 Qxe7 13. c4 f5 14. Qh5 O-O
15. O-O Bb7 16. Qxf5 Bc8 17. Qf3 Qg5 18. Nc2 Rb8 19. cxb5 axb5 20. Ne3 Be6 21.
Qe2 b4 22. Bc4 Rfd8 23. Rfd1 Bf8 24. b3 Be7 25. Rac1 Rd7 26. Bd5 Ra7 27. Rc2
Qg6 28. Rd3 Kh8 29. Nc4 Rb5 30. Bxe6 Qxe6 31. Ne3 Rb8 32. Nf5 Bf8 33. Qg4 f6
34. Qd1 Rd7 35. Rd5 Ra8 36. Qd2 Rb8 37. Rc6 1-0

[Event "España ch sub-14 2007"]
[Site "Linares ESP"]
[Date "2007.07.17"]
[Round "4.3"]
[White "Pardo Simon, David"]
[Black "Jimenez Lupiañez, Laura"]
[Result "1-0"]
[WhiteElo "2080"]
[BlackElo "1935"]
[PlyCount "47"]
[EventDate "2007.07.15"]
[EventType "swiss"]
[EventRounds "9"]
[EventCountry "ESP"]
[Source "lmi"]
[SourceDate "2007.07.15"]

1. e4 e5 2. Nf3 Nc6 3. d4 exd4 4. Nxd4 Bc5 5. Nb3 Bb6 6. Nc3 Nge7 7. Bg5 f6 8.
Bh4 O-O 9. Qd2 d6 10. O-O-O f5 11. Bd3 Ne5 12. Nd5 N5g6 13. Nxe7+ Nxe7 14. exf5
c6 15. Rhe1 Rf6 16. Bxf6 gxf6 17. g4 Qf8 18. Qe2 Bd8 19. Kb1 Kh8 20. Nd4 d5 21.
Ne6 Bxe6 22. fxe6 Bc7 23. h4 Re8 24. Qe3 1-0

[Event "España ch sub-14 2007"]
[Site "Linares ESP"]
[Date "2007.07.17"]
[Round "4.4"]
[White "Fernandez Garcia, Jose Miguel"]
[Black "Remoli Sargues, Lidia"]
[Result "0-1"]
[WhiteElo "2036"]
[BlackElo "1894"]
[PlyCount "88"]
[EventDate "2007.07.15"]
[EventType "swiss"]
[EventRounds "9"]
[EventCountry "ESP"]
[Source "lmi"]
[SourceDate "2007.07.15"]

1. e4 c5 2. Nf3 Nc6 3. d4 cxd4 4. Nxd4 g6 5. c4 Bg7 6. Be3 d6 7. Nc3 Nf6 8. Be2
O-O 9. O-O Bd7 10. Nc2 a5 11. f3 Ne5 12. Rc1 Rc8 13. Na3 Bc6 14. Qd2 Ned7 15.
Rfd1 b6 16. Qe1 Qc7 17. Nd5 Bxd5 18. cxd5 Nc5 19. Nb5 Qb7 20. Bf1 Nfd7 21. Bd4
Na6 22. Bxg7 Kxg7 23. Nd4 Ndc5 24. Bb5 Kg8 25. Qh4 f6 26. Qh6 Nc7 27. Bc6 Qa6
28. Rc3 b5 29. Re3 b4 30. f4 Rf7 31. h4 Rg7 32. b3 Rf8 33. Rde1 Rgf7 34. h5 Rg7
35. Rg3 Qb6 36. Kh2 Rff7 37. hxg6 hxg6 38. Rxg6 Rxg6 39. Qxg6+ Rg7 40. Qf5 Nd3
41. Qc8+ Kf7 42. Ne6 Rh7+ 43. Kg3 Qf2+ 44. Kg4 Qxg2+ 0-1

[Event "España ch sub-14 2007"]
[Site "Linares ESP"]
[Date "2007.07.17"]
[Round "4.5"]
[White "Rioboo De La Riva, Alvaro"]
[Black "Baragaño Campa, David"]
[Result "0-1"]
[WhiteElo "1911"]
[BlackElo "2031"]
[PlyCount "68"]
[EventDate "2007.07.15"]
[EventType "swiss"]
[EventRounds "9"]
[EventCountry "ESP"]
[Source "lmi"]
[SourceDate "2007.07.15"]

1. e4 e6 2. d4 d5 3. Nc3 Bb4 4. e5 Ne7 5. Bd2 c5 6. Nb5 Bxd2+ 7. Qxd2 O-O 8. f4
Nbc6 9. Nf3 a6 10. Nd6 cxd4 11. Bd3 f6 12. O-O fxe5 13. fxe5 Rxf3 14. Rxf3 Nxe5
15. Qf4 Nxf3+ 16. gxf3 Nf5 17. Nxf5 exf5 18. Qxd4 Qd6 19. Re1 Be6 20. Re5 g6
21. c4 Rc8 22. cxd5 Bf7 23. a4 Rc5 24. b3 Rxd5 25. Rxd5 Qxd5 26. Qc4 Qxc4 27.
bxc4 Be8 28. Bc2 Kf7 29. Kf2 f4 30. a5 Ke6 31. Be4 Bc6 32. h4 Bxe4 33. fxe4 Ke5
34. Kf3 h6 0-1

[Event "España ch sub-14 2007"]
[Site "Linares ESP"]
[Date "2007.07.17"]
[Round "4.6"]
[White "Suarez Calvo, Alesandra"]
[Black "Pacheco Bubi, Rafael"]
[Result "1-0"]
[WhiteElo "1970"]
[BlackElo "1878"]
[PlyCount "53"]
[EventDate "2007.07.15"]
[EventType "swiss"]
[EventRounds "9"]
[EventCountry "ESP"]
[Source "lmi"]
[SourceDate "2007.07.15"]

1. e4 c5 2. Nf3 Nc6 3. d4 cxd4 4. Nxd4 Nf6 5. Nc3 d6 6. Be2 e6 7. Be3 Be7 8.
O-O a6 9. f4 Qc7 10. Bf3 Bd7 11. Nb3 b5 12. Qe1 O-O 13. Qg3 Kh8 14. f5 Ne5 15.
Bd4 Nxf3+ 16. gxf3 e5 17. Be3 b4 18. Nd1 Qxc2 19. Rf2 Qd3 20. Rg2 Rg8 21. Bg5
Nh5 22. Qg4 Bxg5 23. Qxh5 f6 24. Rg3 Rac8 25. Nf2 Be3 26. f4 Rc2 27. Qxh7+ 1-0

[Event "España ch sub-14 2007"]
[Site "Linares ESP"]
[Date "2007.07.17"]
[Round "4.7"]
[White "Duarte Garcia, Pilar"]
[Black "Antolin Concha, Diego"]
[Result "0-1"]
[WhiteElo "1782"]
[BlackElo "2077"]
[PlyCount "58"]
[EventDate "2007.07.15"]
[EventType "swiss"]
[EventRounds "9"]
[EventCountry "ESP"]
[Source "lmi"]
[SourceDate "2007.07.15"]

1. e4 c5 2. Nc3 d6 3. f4 Nf6 4. Nf3 g6 5. Bc4 Bg7 6. O-O O-O 7. d3 e6 8. a3 Nc6
9. Qe1 d5 10. Ba2 Rb8 11. Qh4 dxe4 12. dxe4 Nd4 13. Nxd4 Qxd4+ 14. Kh1 Nxe4 15.
Nxe4 Qxe4 16. c3 b6 17. Qe1 Qc6 18. Rg1 Bb7 19. Qg3 Rbd8 20. Be3 Rd6 21. Bc4
Rfd8 22. Be2 Qa4 23. h4 Qc2 24. Bf3 Bxf3 25. Qxf3 Qxb2 26. c4 Qb3 27. Rac1 Rd3
28. Rge1 Bd4 29. Rcd1 Bxe3 0-1

[Event "España ch sub-14 2007"]
[Site "Linares ESP"]
[Date "2007.07.17"]
[Round "4.8"]
[White "Montañes Arribas, Adrian"]
[Black "Triviño Oliva, Diego"]
[Result "1-0"]
[WhiteElo "1811"]
[BlackElo "1876"]
[PlyCount "103"]
[EventDate "2007.07.15"]
[EventType "swiss"]
[EventRounds "9"]
[EventCountry "ESP"]
[Source "lmi"]
[SourceDate "2007.07.15"]

1. e4 c5 2. Nf3 d6 3. d3 g6 4. g3 Bg7 5. Bg2 Nc6 6. O-O Nf6 7. c3 O-O 8. Re1 e5
9. a3 a5 10. a4 Re8 11. Na3 b6 12. Nd2 Ba6 13. Ndc4 Na7 14. d4 cxd4 15. cxd4
Qc7 16. b3 b5 17. axb5 Nxb5 18. Nxb5 Bxb5 19. dxe5 dxe5 20. Qd6 Qxd6 21. Nxd6
Reb8 22. Bb2 Ne8 23. Nxe8 Bxe8 24. Bc3 Rb5 25. Bf1 Rc5 26. Bb4 Rc2 27. Bxa5 Bc6
28. Bc4 Bf8 29. f3 Rb8 30. Bc7 Re8 31. Re2 Rc3 32. Kg2 Bc5 33. Ba5 Re3 34. Rc2
Bd4 35. Rac1 Rxe4 36. fxe4 Bxe4+ 37. Kf1 Bxc2 38. Rxc2 Ra8 39. Bc3 Bxc3 40.
Rxc3 Kg7 41. Rd3 Rb8 42. Rd7 Rf8 43. Ke2 g5 44. b4 Kg6 45. b5 f5 46. b6 f4 47.
b7 e4 48. gxf4 gxf4 49. Rc7 f3+ 50. Ke3 f2 51. Rc8 Rf3+ 52. Kxe4 1-0

[Event "España ch sub-14 2007"]
[Site "Linares ESP"]
[Date "2007.07.17"]
[Round "4.9"]
[White "Navarro Molina, David"]
[Black "Galan Martin, Alejandro"]
[Result "1/2-1/2"]
[WhiteElo "1726"]
[BlackElo "1843"]
[PlyCount "109"]
[EventDate "2007.07.15"]
[EventType "swiss"]
[EventRounds "9"]
[EventCountry "ESP"]
[Source "lmi"]
[SourceDate "2007.07.15"]

1. d4 e6 2. Nf3 d5 3. c4 Nf6 4. Nc3 Be7 5. Bg5 Nbd7 6. e3 b6 7. cxd5 exd5 8.
Bb5 O-O 9. Bc6 Rb8 10. Qb3 a5 11. O-O Ba6 12. Rfe1 Bc4 13. Qc2 Kh8 14. Bf4 Bb4
15. Rec1 Bxc3 16. Qxc3 Ne4 17. Qc2 Ndf6 18. Ne5 Ba6 19. f3 Nd6 20. Bg5 Bb7 21.
Bxf6 Qxf6 22. Nd7 Qe7 23. Nxb8 Qxe3+ 24. Qf2 Qxf2+ 25. Kxf2 Rxb8 26. Bxb7 Rxb7
27. Rc6 Kg8 28. Rac1 Ne8 29. Re1 Rb8 30. Re7 Rd8 31. Rc2 Kf8 32. Rce2 Rc8 33.
g4 Nf6 34. g5 Ne4+ 35. R7xe4 dxe4 36. fxe4 Ke7 37. Kf3 Rd8 38. Rd2 Ke6 39. Ke3
Kd6 40. d5 Re8 41. Rc2 Kd7 42. Kd4 f6 43. Rg2 Re7 44. gxf6 gxf6 45. Rf2 Rf7 46.
Rf5 Ke7 47. Kc4 Rg7 48. Rf2 Rg4 49. Kd4 Rg7 50. Re2 Kd6 51. Rc2 Kd7 52. Rf2 Ke7
53. Re2 Kd6 54. b3 Rg4 55. Rf2 1/2-1/2

[Event "España ch sub-14 2007"]
[Site "Linares ESP"]
[Date "2007.07.17"]
[Round "4.10"]
[White "Aranaz Murillo, Amalia"]
[Black "Rivas Crespo, Alexander"]
[Result "0-1"]
[WhiteElo "1706"]
[BlackElo "1833"]
[PlyCount "70"]
[EventDate "2007.07.15"]
[EventType "swiss"]
[EventRounds "9"]
[EventCountry "ESP"]
[Source "lmi"]
[SourceDate "2007.07.15"]

1. Nf3 Nf6 2. c4 g6 3. Nc3 Bg7 4. e4 d6 5. d4 O-O 6. Be2 e5 7. d5 Nbd7 8. Be3
h6 9. Nd2 Nh7 10. b4 f5 11. f3 f4 12. Bf2 g5 13. g4 fxg3 14. hxg3 Qf6 15. g4
Qf7 16. Nf1 Ndf6 17. Be3 h5 18. Ng3 h4 19. Nf5 Bxf5 20. exf5 e4 21. Nxe4 Nxe4
22. fxe4 Rae8 23. Bf3 Nf6 24. Qd3 Nxe4 25. Bxe4 Qe7 26. Kd2 Qxe4 27. Rag1 Bf6
28. Rh2 Re7 29. Qxe4 Rxe4 30. Kd3 Rfe8 31. Rh3 a6 32. a3 b5 33. c5 Rc4 34. cxd6
cxd6 35. Rc1 Rxe3+ 0-1

[Event "España ch sub-14 2007"]
[Site "Linares ESP"]
[Date "2007.07.17"]
[Round "4.11"]
[White "Arribas Lopez, Angel"]
[Black "Coll Ortega, Jordi"]
[Result "0-1"]
[WhiteElo "2292"]
[BlackElo "2105"]
[PlyCount "62"]
[EventDate "2007.07.15"]
[EventType "swiss"]
[EventRounds "9"]
[EventCountry "ESP"]
[Source "lmi"]
[SourceDate "2007.07.15"]

1. e4 c5 2. Nf3 e6 3. d4 cxd4 4. Nxd4 Nc6 5. Nc3 Qc7 6. Be3 a6 7. Bd3 Nf6 8.
Qd2 Bb4 9. Nb3 d5 10. exd5 Nxd5 11. Bc5 Qe5+ 12. Be2 Nxc3 13. Bxb4 Qxe2+ 14.
Qxe2 Nxe2 15. Kxe2 Nxb4 16. Kd2 b6 17. a3 Nc6 18. f4 Bb7 19. Raf1 Ke7 20. Rf2
Rhd8+ 21. Kc1 Nd4 22. Re1 Nxb3+ 23. cxb3 Rac8+ 24. Kb1 f6 25. f5 e5 26. g4 Rd3
27. g5 Rcd8 28. Rg1 Rd1+ 29. Rxd1 Rxd1+ 30. Ka2 Be4 31. h4 Bb1+ 0-1

[Event "España ch sub-14 2007"]
[Site "Linares ESP"]
[Date "2007.07.17"]
[Round "4.12"]
[White "Garcia Gil, Bernandino"]
[Black "Coll Ortega, Cristina"]
[Result "1-0"]
[WhiteElo "1920"]
[BlackElo "1707"]
[PlyCount "75"]
[EventDate "2007.07.15"]
[EventType "swiss"]
[EventRounds "9"]
[EventCountry "ESP"]
[Source "lmi"]
[SourceDate "2007.07.15"]

1. e4 c6 2. d4 d5 3. exd5 cxd5 4. Bd3 Nc6 5. Ne2 Nf6 6. Nbc3 Bg4 7. f3 Bh5 8.
Bf4 a6 9. g4 Bg6 10. h4 Bxd3 11. Qxd3 h6 12. O-O-O e6 13. Qe3 Bd6 14. g5 Bxf4
15. Nxf4 Nd7 16. Ncxd5 Ne7 17. Nxe7 Qxe7 18. d5 Qc5 19. Qxc5 Nxc5 20. b4 e5 21.
Nh5 hxg5 22. Nxg7+ Kf8 23. Nf5 Na4 24. hxg5 Rxh1 25. Rxh1 Kg8 26. Kd2 Rd8 27.
c4 b5 28. Rh6 Nb2 29. c5 Nc4+ 30. Kc3 a5 31. bxa5 Ra8 32. a6 Ra7 33. c6 Nb6 34.
d6 Rxa6 35. d7 Ra8 36. c7 Nd5+ 37. Kb3 Nxc7 38. Rc6 1-0

[Event "España ch sub-14 2007"]
[Site "Linares ESP"]
[Date "2007.07.17"]
[Round "5.1"]
[White "Baragaño Campa, David"]
[Black "Forcen Esteban, Daniel"]
[Result "1-0"]
[WhiteElo "2031"]
[BlackElo "2134"]
[PlyCount "75"]
[EventDate "2007.07.15"]
[EventType "swiss"]
[EventRounds "9"]
[EventCountry "ESP"]
[Source "lmi"]
[SourceDate "2007.07.15"]

1. e4 c5 2. c3 d5 3. exd5 Qxd5 4. d4 Nf6 5. Nf3 Bg4 6. Be2 e6 7. Be3 cxd4 8.
cxd4 Bb4+ 9. Nc3 O-O 10. O-O Qa5 11. Qb3 Nc6 12. Rfd1 Rfd8 13. a3 Bxc3 14. bxc3
Qc7 15. Rac1 Nd5 16. c4 Nxe3 17. fxe3 Ne7 18. e4 Ng6 19. g3 h5 20. Qe3 Re8 21.
Rd2 f5 22. e5 Rf8 23. Qg5 Qf7 24. h3 Bxh3 25. Qxh5 Bg4 26. Qg5 Qe8 27. Kg2 Kf7
28. d5 Rh8 29. dxe6+ Kg8 30. Rd6 Rh5 31. Qd2 Nf8 32. Qd5 Kh7 33. Nd4 Bh3+ 34.
Kf2 Rh6 35. Rb1 f4 36. g4 Qg6 37. Nf5 Bxg4 38. Bxg4 1-0

[Event "España ch sub-14 2007"]
[Site "Linares ESP"]
[Date "2007.07.17"]
[Round "5.2"]
[White "Remoli Sargues, Lidia"]
[Black "Pardo Simon, David"]
[Result "1/2-1/2"]
[WhiteElo "1894"]
[BlackElo "2080"]
[PlyCount "91"]
[EventDate "2007.07.15"]
[EventType "swiss"]
[EventRounds "9"]
[EventCountry "ESP"]
[Source "lmi"]
[SourceDate "2007.07.15"]

1. d4 Nf6 2. Bg5 c5 3. Bxf6 gxf6 4. d5 Qb6 5. Qc1 f5 6. g3 Bg7 7. c3 d6 8. Bg2
Nd7 9. Nh3 Nf6 10. O-O e5 11. e3 h5 12. Ng5 h4 13. Nf3 h3 14. Bh1 e4 15. Nfd2
Nxd5 16. Rd1 Qa6 17. Nxe4 fxe4 18. Rxd5 f5 19. Na3 Be6 20. Rd2 d5 21. Qf1 Qxf1+
22. Kxf1 O-O-O 23. Rc1 Kb8 24. Rcd1 Rd7 25. Nc2 Rhd8 26. f3 Kc7 27. Kf2 Be5 28.
Kf1 b5 29. a3 a5 30. Kf2 Bf7 31. Ke2 Bh5 32. Rf1 Bg6 33. Rfd1 Bf7 34. Kf2 Rd6
35. Ke2 Rb8 36. Kf2 Kd7 37. Ke2 Ke7 38. Kf2 Rdd8 39. Ke2 Rdc8 40. Kf2 b4 41.
axb4 axb4 42. cxb4 Bxb2 43. bxc5 Bc3 44. Re2 Rxc5 45. Nd4 Kf6 46. g4 1/2-1/2

[Event "España ch sub-14 2007"]
[Site "Linares ESP"]
[Date "2007.07.17"]
[Round "5.3"]
[White "Arribas Lopez, Angel"]
[Black "Montañes Arribas, Adrian"]
[Result "1-0"]
[WhiteElo "2292"]
[BlackElo "1811"]
[PlyCount "153"]
[EventDate "2007.07.15"]
[EventType "swiss"]
[EventRounds "9"]
[EventCountry "ESP"]
[Source "lmi"]
[SourceDate "2007.07.15"]

1. e4 e5 2. Nf3 Nf6 3. d3 Nc6 4. g3 d5 5. Nbd2 dxe4 6. dxe4 Bc5 7. Bg2 O-O 8.
O-O Bg4 9. h3 Bh5 10. c3 a5 11. a4 Qe7 12. Qe2 Rad8 13. Nc4 Rd7 14. Ne3 Bxe3
15. Qxe3 Rfd8 16. Nh4 Rd3 17. Nf5 Qf8 18. Qg5 Bg6 19. Be3 Kh8 20. Rae1 Bxf5 21.
exf5 Nd5 22. Bc1 f6 23. Qh4 Nde7 24. Be4 R3d7 25. Bc2 Nd5 26. Re4 Nce7 27. Qh5
Qe8 28. Qf3 c6 29. Rh4 Nc8 30. g4 Nd6 31. g5 e4 32. Bxe4 Nxe4 33. Rxe4 Qf7 34.
g6 hxg6 35. Rh4+ Kg8 36. fxg6 Qxg6+ 37. Kh1 Qf7 38. Rg1 Nc7 39. Kh2 Rd3 40. Qe4
Ne8 41. Be3 Qd5 42. Qh7+ Kf8 43. Qg6 Rxe3 44. fxe3 Qe5+ 45. Qg3 Rd2+ 46. Rg2
Rxg2+ 47. Kxg2 Qd5+ 48. Qf3 Qd2+ 49. Qf2 Qd5+ 50. e4 Qg5+ 51. Rg4 Qc1 52. Rf4
Qd1 53. Qc5+ Kg8 54. Qd4 Qe2+ 55. Rf2 Qh5 56. Kh2 Qg6 57. Rg2 Qf7 58. Rf2 Qc7+
59. Kg2 Qf7 60. Kf1 Qh5 61. Qd3 Qg5 62. Rd2 Qf4+ 63. Ke1 Qh4+ 64. Kd1 Qh5+ 65.
Kc2 Kf8 66. b3 Qh4 67. Re2 Qg5 68. Qe3 Qe5 69. Qd4 Qg3 70. Qc5+ Kg8 71. Qe3 Qe5
72. Kb2 Nd6 73. Qd4 Qg3 74. e5 Ne8 75. Qd7 Kf8 76. e6 Qd6 77. Qf7# 1-0

[Event "España ch sub-14 2007"]
[Site "Linares ESP"]
[Date "2007.07.17"]
[Round "5.4"]
[White "Antolin Concha, Diego"]
[Black "Gil Quilez, David"]
[Result "1-0"]
[WhiteElo "2077"]
[BlackElo "1934"]
[PlyCount "49"]
[EventDate "2007.07.15"]
[EventType "swiss"]
[EventRounds "9"]
[EventCountry "ESP"]
[Source "lmi"]
[SourceDate "2007.07.15"]

1. e4 e5 2. Nf3 Nc6 3. Bb5 a6 4. Ba4 Nf6 5. O-O Nxe4 6. d4 b5 7. Bb3 d5 8. dxe5
Be6 9. Be3 Na5 10. Nd4 Be7 11. f3 Nc5 12. f4 Naxb3 13. axb3 Bd7 14. Nc3 c6 15.
f5 Bg5 16. Bf2 Bh4 17. g3 Be7 18. b4 Ne4 19. Nxe4 dxe4 20. e6 fxe6 21. Qh5+ Kf8
22. fxe6 Be8 23. Be3+ Bf6 24. Qc5+ Qe7 25. Rxf6+ 1-0

[Event "España ch sub-14 2007"]
[Site "Linares ESP"]
[Date "2007.07.17"]
[Round "5.5"]
[White "Rivas Crespo, Alexander"]
[Black "Suarez Calvo, Alesandra"]
[Result "1-0"]
[WhiteElo "1833"]
[BlackElo "1970"]
[PlyCount "51"]
[EventDate "2007.07.15"]
[EventType "swiss"]
[EventRounds "9"]
[EventCountry "ESP"]
[Source "lmi"]
[SourceDate "2007.07.15"]

1. e4 e6 2. d4 d5 3. Nc3 Nf6 4. e5 Nfd7 5. f4 c5 6. Nf3 Nc6 7. Be3 Qb6 8. Rb1
cxd4 9. Nxd4 Bc5 10. Na4 Qa5+ 11. c3 Be7 12. b4 Qc7 13. Bd3 Nf8 14. Nb5 Qd8 15.
Bc5 b6 16. Bd6 Kd7 17. Bc7 Qe8 18. Bxb6 axb6 19. Nxb6+ Kd8 20. Nxa8 Nd7 21.
Nbc7 Qg8 22. Qa4 Bb7 23. b5 Ncb8 24. Qa5 Kc8 25. Nxd5 Bxd5 26. Qc7# 1-0

[Event "España ch sub-14 2007"]
[Site "Linares ESP"]
[Date "2007.07.17"]
[Round "5.6"]
[White "Coll Ortega, Jordi"]
[Black "Moral Garcia, Serafin"]
[Result "1-0"]
[WhiteElo "2105"]
[BlackElo "1907"]
[PlyCount "39"]
[EventDate "2007.07.15"]
[EventType "swiss"]
[EventRounds "9"]
[EventCountry "ESP"]
[Source "lmi"]
[SourceDate "2007.07.15"]

1. c4 e6 2. g3 d5 3. Bg2 Nf6 4. Nf3 dxc4 5. Qc2 c6 6. b3 Bd6 7. bxc4 b6 8. O-O
Bb7 9. Bb2 Nbd7 10. d3 Qc7 11. Nc3 O-O-O 12. a4 a5 13. d4 h6 14. Rac1 g5 15. d5
exd5 16. cxd5 c5 17. Nb5 Qb8 18. Qf5 Bxd5 19. Rfd1 Be7 20. Rxd5 1-0

[Event "España ch sub-14 2007"]
[Site "Linares ESP"]
[Date "2007.07.17"]
[Round "5.7"]
[White "Vidal Zamora, Alex"]
[Black "Garcia Gil, Bernandino"]
[Result "0-1"]
[WhiteElo "1892"]
[BlackElo "1920"]
[PlyCount "70"]
[EventDate "2007.07.15"]
[EventType "swiss"]
[EventRounds "9"]
[EventCountry "ESP"]
[Source "lmi"]
[SourceDate "2007.07.15"]

1. e4 e6 2. d4 d5 3. Nd2 Nf6 4. e5 Nfd7 5. f4 c5 6. c3 Nc6 7. Ndf3 Qb6 8. Ne2
cxd4 9. cxd4 f6 10. g3 fxe5 11. fxe5 Bb4+ 12. Bd2 O-O 13. Bg2 Ndxe5 14. dxe5
Nxe5 15. Bxb4 Qxb4+ 16. Nc3 Qxb2 17. O-O Qxc3 18. Nxe5 Rxf1+ 19. Qxf1 Qxe5 20.
Re1 Qd4+ 21. Kh1 Bd7 22. Rd1 Qe5 23. Re1 Qd6 24. Qd3 Re8 25. Qd4 b6 26. Qh4 e5
27. Rd1 Bc6 28. Rc1 e4 29. Qh5 d4 30. Qf5 d3 31. Qg4 d2 32. Rd1 Ba4 33. Qh5 g6
34. Qe2 Bxd1 35. Qxd1 Qd3 0-1